[Event "19. Open de la Constitución 2017"]
[Site "San Sebastian de los Reyes ES"]
[Date "2017.12.06"]
[Round "5.24"]
[White "Fernandez Garcia, Ignacio"]
[Black "Karunanithi, Bharath"]
[Result "1-0"]
[WhiteElo "1861"]
[BlackElo "1550"]
[PlyCount "93"]
[EventDate "2017.12.02"]
[EventType "swiss"]
[EventRounds "9"]
[EventCountry "ESP"]
[SourceTitle "Ajedrez en Madrid"]
[Source "lmi"]
[SourceDate "2017.12.02"]
[SourceVersion "1"]
[SourceVersionDate "2017.12.16"]
[SourceQuality "1"]

1. e4 c5 2. c3 d6 3. d4 cxd4 4. cxd4 Nf6 5. Nc3 e6 6. Nf3 Be7 7. Bd3 Nc6 8. O-O
O-O 9. h3 Ne8 10. Be3 f5 11. exf5 exf5 12. Nd5 Nf6 13. Nxe7+ Qxe7 14. Bg5 Qc7
15. d5 Nb4 16. Rc1 Qd7 17. Bxf6 Rxf6 18. Bb1 b6 19. a3 Na6 20. Re1 Bb7 21. Rc3
h6 22. Rce3 Rf7 23. Ba2 Nc7 24. Qd2 Re8 25. Rxe8+ Nxe8 26. Nd4 Nc7 27. Ne6 Re7
28. Nf4 Qe8 29. Rc1 Kh7 30. Bb1 Qf7 31. g4 g6 32. Qd4 Re5 33. gxf5 gxf5 34. Kh2
Bxd5 35. Rxc7 Qxc7 36. Nxd5 Qc1 37. Ba2 Qg5 38. Qc4 Re1 39. Nf6+ Kh8 40. Qc8+
Kg7 41. Qg8+ Kxf6 42. Qf7+ Ke5 43. Qe8+ Kd4 44. Qxe1 Qf4+ 45. Kg1 Qg5+ 46. Kf1
Qh4 47. Qe3# 1-0

[Event "19. Open de la Constitución 2017"]
[Site "San Sebastian de los Reyes ES"]
[Date "2017.12.06"]
[Round "5.25"]
[White "Rial Rodriguez, Marta"]
[Black "Rodriguez Bernal, Herman"]
[Result "1-0"]
[WhiteElo "1509"]
[BlackElo "1763"]
[PlyCount "39"]
[EventDate "2017.12.02"]
[EventType "swiss"]
[EventRounds "9"]
[EventCountry "ESP"]
[SourceTitle "Ajedrez en Madrid"]
[Source "lmi"]
[SourceDate "2017.12.02"]
[SourceVersion "1"]
[SourceVersionDate "2017.12.16"]
[SourceQuality "1"]

1. e4 c5 2. c3 g6 3. d4 cxd4 4. cxd4 Bg7 5. Nc3 d6 6. Be3 Nf6 7. Nf3 O-O 8. Bc4
Qb6 9. Rb1 Qc7 10. Bb3 e6 11. O-O a6 12. Rc1 Qe7 13. a4 Nc6 14. Qd3 Nb4 15. Qd2
Nc6 16. Rfe1 Rd8 17. h3 Bd7 18. Bg5 Na5 19. Ba2 Bc6 20. b4 1-0

[Event "19. Open de la Constitución 2017"]
[Site "San Sebastian de los Reyes ES"]
[Date "2017.12.06"]
[Round "5.26"]
[White "Llamas Martinez, Pablo"]
[Black "Lopez Orellana, Federico"]
[Result "1-0"]
[WhiteElo "1433"]
[BlackElo "1727"]
[PlyCount "53"]
[EventDate "2017.12.02"]
[EventType "swiss"]
[EventRounds "9"]
[EventCountry "ESP"]
[SourceTitle "Ajedrez en Madrid"]
[Source "lmi"]
[SourceDate "2017.12.02"]
[SourceVersion "1"]
[SourceVersionDate "2017.12.16"]
[SourceQuality "1"]

1. e4 c6 2. d4 g6 3. Nc3 Bg7 4. Nf3 d5 5. e5 Nh6 6. Bd3 Nf5 7. Bxf5 Bxf5 8. Be3
Na6 9. Qd2 h5 10. Ne2 Qb6 11. c3 Nc7 12. Nf4 Qa6 13. Qe2 Qxe2+ 14. Kxe2 O-O 15.
h3 Ne6 16. Rag1 Nxf4+ 17. Bxf4 Be4 18. Ng5 Bf5 19. g4 hxg4 20. hxg4 f6 21. gxf5
fxg5 22. Bxg5 Rxf5 23. Bxe7 Kf7 24. Bg5 c5 25. f4 cxd4 26. cxd4 Rc8 27. Rc1 1-0

[Event "19. Open de la Constitución 2017"]
[Site "San Sebastian de los Reyes ES"]
[Date "2017.12.06"]
[Round "5.28"]
[White "Duma, Mihaela"]
[Black "Villodre Miranda, Juan Alonso"]
[Result "0-1"]
[WhiteElo "1008"]
[BlackElo "1552"]
[PlyCount "46"]
[EventDate "2017.12.02"]
[EventType "swiss"]
[EventRounds "9"]
[EventCountry "ESP"]
[SourceTitle "Ajedrez en Madrid"]
[Source "lmi"]
[SourceDate "2017.12.02"]
[SourceVersion "1"]
[SourceVersionDate "2017.12.16"]
[SourceQuality "1"]

1. e4 c5 2. Nf3 Nc6 3. d4 cxd4 4. Nxd4 e5 5. Nf3 Nf6 6. Nc3 Bb4 7. Bd3 d5 8.
Bd2 Bxc3 9. Bxc3 dxe4 10. Bxe4 Qxd1+ 11. Rxd1 Nxe4 12. O-O Nxc3 13. bxc3 O-O
14. h3 Be6 15. a3 Rfd8 16. Rb1 b6 17. Kh2 Bf5 18. Rb2 f6 19. g4 Be4 20. Ng1 Rd2
21. Kg3 Rxc2 22. Rb3 Bd5 23. Rb5 Bc4 0-1

[Event "19. Open de la Constitución 2017"]
[Site "San Sebastian de los Reyes ES"]
[Date "2017.12.06"]
[Round "5.30"]
[White "Rodriguez Garcia, Alberto"]
[Black "Garcia Lopez, Fernando"]
[Result "1-0"]
[WhiteElo "1727"]
[BlackElo "1573"]
[PlyCount "81"]
[EventDate "2017.12.02"]
[EventType "swiss"]
[EventRounds "9"]
[EventCountry "ESP"]
[SourceTitle "Ajedrez en Madrid"]
[Source "lmi"]
[SourceDate "2017.12.02"]
[SourceVersion "1"]
[SourceVersionDate "2017.12.16"]
[SourceQuality "1"]

1. d4 d5 2. c4 e6 3. Nc3 Nf6 4. Bg5 Be7 5. e3 O-O 6. Nf3 h6 7. Bh4 b6 8. cxd5
Nxd5 9. Bxe7 Qxe7 10. e4 Nxc3 11. bxc3 Bb7 12. Bd3 Nd7 13. O-O Rfd8 14. Qe2 c5
15. Rad1 cxd4 16. cxd4 Rac8 17. Rc1 Nf6 18. Qe3 Nd7 19. Nd2 Rxc1 20. Rxc1 Rc8
21. Rxc8+ Bxc8 22. e5 Nf8 23. Ne4 Ng6 24. Nd6 Bd7 25. Qf3 Nf8 26. h4 f5 27. g3
g6 28. Qb7 g5 29. h5 g4 30. Bb5 Qd8 31. Qxa7 Kg7 32. a4 Kg8 33. Qb7 Kg7 34. Nc4
Kg8 35. Qxb6 Qc8 36. a5 Bxb5 37. Qxb5 Qa8 38. Nd6 Qd8 39. Qb7 Nd7 40. a6 Kh8
41. Nf7+ 1-0

[Event "19. Open de la Constitución 2017"]
[Site "San Sebastian de los Reyes ES"]
[Date "2017.12.06"]
[Round "5.31"]
[White "Martinez Miura, Enrique"]
[Black "Vallespin Morales, Antonio"]
[Result "1-0"]
[WhiteElo "1643"]
[BlackElo "1388"]
[PlyCount "101"]
[EventDate "2017.12.02"]
[EventType "swiss"]
[EventRounds "9"]
[EventCountry "ESP"]
[SourceTitle "Ajedrez en Madrid"]
[Source "lmi"]
[SourceDate "2017.12.02"]
[SourceVersion "1"]
[SourceVersionDate "2017.12.16"]
[SourceQuality "1"]

1. e4 c5 2. Nc3 e6 3. Nf3 a6 4. d4 cxd4 5. Nxd4 Qc7 6. a3 Nf6 7. Be2 Be7 8. O-O
O-O 9. Be3 d5 10. exd5 exd5 11. Bf3 Be6 12. Qd2 Nc6 13. Rfe1 Ne5 14. Be2 Neg4
15. Bxg4 Nxg4 16. Bf4 Qb6 17. h3 Nf6 18. Bg3 Bc5 19. Na4 Qa7 20. Nxc5 Qxc5 21.
Rxe6 fxe6 22. Nxe6 Qc6 23. Nxf8 Rxf8 24. f3 Rc8 25. c3 Re8 26. Bf2 Qb5 27. Re1
h6 28. Rxe8+ Nxe8 29. Qe3 Nd6 30. Qe6+ Kh7 31. Qxd6 Qxb2 32. Qxd5 Qc1+ 33. Kh2
Qxc3 34. Qxb7 Qxa3 35. Qe4+ Kg8 36. Bd4 Qd6+ 37. Be5 Qe6 38. f4 Qc8 39. Qg6 Qd7
40. Qxa6 Qf5 41. Qb7 Qg6 42. Qb8+ Kh7 43. Qd6 h5 44. Qxg6+ Kxg6 45. Kg3 Kh6 46.
Kh4 g6 47. g3 Kh7 48. Kg5 h4 49. gxh4 Kg8 50. Kxg6 Kf8 51. h5 1-0

[Event "19. Open de la Constitución 2017"]
[Site "San Sebastian de los Reyes ES"]
[Date "2017.12.06"]
[Round "5.32"]
[White "Yaniz Lana, Francisco Javier"]
[Black "Rodriguez Municio, Carmen"]
[Result "0-1"]
[WhiteElo "1570"]
[BlackElo "1213"]
[PlyCount "70"]
[EventDate "2017.12.02"]
[EventType "swiss"]
[EventRounds "9"]
[EventCountry "ESP"]
[SourceTitle "Ajedrez en Madrid"]
[Source "lmi"]
[SourceDate "2017.12.02"]
[SourceVersion "1"]
[SourceVersionDate "2017.12.16"]
[SourceQuality "1"]

1. d4 d5 2. Nf3 Nf6 3. Bf4 Bf5 4. e3 a6 5. c4 e6 6. Nc3 Nbd7 7. Qb3 dxc4 8.
Qxc4 c5 9. d5 b5 10. Qb3 c4 11. Qd1 Nc5 12. dxe6 Nxe6 13. Be2 Be7 14. O-O O-O
15. Ne5 Nxf4 16. exf4 Qc7 17. Bf3 Rad8 18. Qc1 Bd6 19. Re1 Rfe8 20. g3 Bxe5 21.
fxe5 Rxe5 22. Rxe5 Qxe5 23. Qg5 h6 24. Qh4 Re8 25. Rd1 Bd3 26. Kg2 Qc5 27. a3
a5 28. Qf4 Qb6 29. h4 g5 30. hxg5 hxg5 31. Qd2 g4 32. Qh6 gxf3+ 33. Kxf3 Qc6+
34. Kf4 Nh5+ 35. Kg4 Qxh6 0-1

[Event "19. Open de la Constitución 2017"]
[Site "San Sebastian de los Reyes ES"]
[Date "2017.12.06"]
[Round "5.33"]
[White "Murillo Paz, Pedro P"]
[Black "Osuna Osuna, Francisco"]
[Result "1/2-1/2"]
[WhiteElo "1427"]
[BlackElo "1565"]
[PlyCount "103"]
[EventDate "2017.12.02"]
[EventType "swiss"]
[EventRounds "9"]
[EventCountry "ESP"]
[SourceTitle "Ajedrez en Madrid"]
[Source "lmi"]
[SourceDate "2017.12.02"]
[SourceVersion "1"]
[SourceVersionDate "2017.12.16"]
[SourceQuality "1"]

1. e4 d5 2. exd5 Qxd5 3. Nc3 Qa5 4. Nf3 Bg4 5. Be2 Nc6 6. O-O Nf6 7. d4 O-O-O
8. Bd2 Bxf3 9. Bxf3 Nxd4 10. Be3 Nxf3+ 11. Qxf3 e6 12. b4 Qh5 13. Qxh5 Nxh5 14.
b5 b6 15. a4 Bd6 16. Ne4 h6 17. c4 Bf4 18. a5 Kb7 19. c5 Bxe3 20. fxe3 f5 21.
c6+ Ka8 22. axb6 cxb6 23. Nc3 Nf6 24. Na4 Rb8 25. Rfc1 Rhc8 26. Rd1 Nd5 27. Re1
Nb4 28. Red1 Nd5 29. Rd4 Rc7 30. e4 fxe4 31. Rxe4 Re8 32. Rd1 Ree7 33. Nc3 Kb8
34. Nxd5 exd5 35. Rxe7 Rxe7 36. Rxd5 Kc7 37. Kf2 a5 38. Rd4 Re5 39. Rd7+ Kc8
40. Rxg7 Rxb5 41. Rg6 h5 42. h3 Rc5 43. Ke3 a4 44. Kd4 a3 45. Rg8+ Kc7 46. Ra8
Ra5 47. Rxa5 bxa5 48. Kc3 Kxc6 49. g4 hxg4 50. hxg4 a4 51. Kc2 Kd5 52. Kb1
1/2-1/2

[Event "19. Open de la Constitución 2017"]
[Site "San Sebastian de los Reyes ES"]
[Date "2017.12.06"]
[Round "5.34"]
[White "Garcia Minguez, Antonio"]
[Black "Busto Alvarez, Francisco"]
[Result "1-0"]
[WhiteElo "1520"]
[BlackElo "1200"]
[PlyCount "63"]
[EventDate "2017.12.02"]
[EventType "swiss"]
[EventRounds "9"]
[EventCountry "ESP"]
[SourceTitle "Ajedrez en Madrid"]
[Source "lmi"]
[SourceDate "2017.12.02"]
[SourceVersion "1"]
[SourceVersionDate "2017.12.16"]
[SourceQuality "1"]

1. d4 Nf6 2. Nf3 d5 3. Bf4 c5 4. c3 Nc6 5. e3 e6 6. Bb5 Bd6 7. Ne5 Bd7 8. Nxf7
Kxf7 9. Bxd6 a6 10. Bxc6 Bxc6 11. Bxc5 Re8 12. O-O Bb5 13. Re1 Kg8 14. Nd2 e5
15. dxe5 Rxe5 16. Bd4 Rf5 17. Bxf6 Qxf6 18. Nf3 Bd7 19. Qd4 Qe6 20. Qh4 h6 21.
Rad1 g5 22. Qg3 Qe4 23. Rd4 Qe6 24. h4 Kh7 25. hxg5 Rg8 26. Rh4 Rg6 27. Qh2 h5
28. Rxh5+ Kg7 29. Nd4 Qe4 30. Nxf5+ Qxf5 31. Rh7+ Kf8 32. Qf4 1-0

[Event "19. Open de la Constitución 2017"]
[Site "San Sebastian de los Reyes ES"]
[Date "2017.12.06"]
[Round "5.35"]
[White "Perdiguero Herreros, Alejandro"]
[Black "Gonzalez Morente, Jose A"]
[Result "1-0"]
[WhiteElo "1313"]
[BlackElo "1453"]
[PlyCount "85"]
[EventDate "2017.12.02"]
[EventType "swiss"]
[EventRounds "9"]
[EventCountry "ESP"]
[SourceTitle "Ajedrez en Madrid"]
[Source "lmi"]
[SourceDate "2017.12.02"]
[SourceVersion "1"]
[SourceVersionDate "2017.12.16"]
[SourceQuality "1"]

1. e4 c5 2. Nf3 g6 3. d4 cxd4 4. Nxd4 Bg7 5. c4 d6 6. Nc3 Nf6 7. f3 O-O 8. Be3
Nc6 9. Be2 Nxd4 10. Bxd4 Be6 11. Nd5 Nxd5 12. cxd5 Bxd4 13. Qxd4 Bd7 14. O-O b6
15. Rad1 Rc8 16. f4 Rc5 17. e5 Qc7 18. Bd3 Ra5 19. a3 Qc5 20. Qxc5 Rxc5 21. Bb1
dxe5 22. fxe5 Rd8 23. Ba2 Rc2 24. Rf2 Rdc8 25. Bb3 Rc1 26. Rfd2 Rxd1+ 27. Rxd1
Bg4 28. Rd2 Rc1+ 29. Kf2 Bd7 30. d6 Kf8 31. Ke3 Re1+ 32. Kd4 f6 33. e6 Bxe6 34.
Bxe6 Rxe6 35. d7 Rd6+ 36. Kc3 Rxd7 37. Rxd7 a5 38. Rb7 e5 39. Rxb6 Ke7 40. b4
e4 41. bxa5 e3 42. a6 e2 43. Kd2 1-0

[Event "19. Open de la Constitución 2017"]
[Site "San Sebastian de los Reyes ES"]
[Date "2017.12.06"]
[Round "5.36"]
[White "De Dompablo Fantova, Juan"]
[Black "Martin Rodriguez, Jose Luis"]
[Result "1-0"]
[WhiteElo "1686"]
[BlackElo "1293"]
[PlyCount "55"]
[EventDate "2017.12.02"]
[EventType "swiss"]
[EventRounds "9"]
[EventCountry "ESP"]
[SourceTitle "Ajedrez en Madrid"]
[Source "lmi"]
[SourceDate "2017.12.02"]
[SourceVersion "1"]
[SourceVersionDate "2017.12.16"]
[SourceQuality "1"]

1. e4 e6 2. d3 d5 3. Nd2 dxe4 4. dxe4 Nc6 5. Ngf3 Nge7 6. Be2 Ng6 7. O-O Bd7 8.
c3 a6 9. a4 Be7 10. b4 Bf6 11. Qb3 O-O 12. Nc4 Nce5 13. Ncxe5 Nxe5 14. Nd4 Rc8
15. f4 Nc6 16. e5 Be7 17. Be3 Nxd4 18. cxd4 Bc6 19. Bf3 Bd5 20. Qc3 c6 21. a5
f5 22. Bd2 g5 23. fxg5 Bxg5 24. Bxd5 Bxd2 25. Bxe6+ Kh8 26. Qxd2 Re8 27. Bxc8
Rxe5 28. Qf4 1-0

[Event "19. Open de la Constitución 2017"]
[Site "San Sebastian de los Reyes ES"]
[Date "2017.12.07"]
[Round "6.1"]
[White "Sosa, Tomas"]
[Black "Martin Duque, Jesus"]
[Result "1-0"]
[WhiteElo "2460"]
[BlackElo "2376"]
[PlyCount "107"]
[EventDate "2017.12.02"]
[EventType "swiss"]
[EventRounds "9"]
[EventCountry "ESP"]
[SourceTitle "Ajedrez en Madrid"]
[Source "lmi"]
[SourceDate "2017.12.02"]
[SourceVersion "1"]
[SourceVersionDate "2017.12.16"]
[SourceQuality "1"]

1. e4 e5 2. Nf3 Nc6 3. Bb5 a6 4. Ba4 Nf6 5. O-O Be7 6. d3 b5 7. Bb3 d6 8. a4
Bd7 9. c3 Na5 10. Bc2 c5 11. d4 Qb8 12. Bg5 Be6 13. d5 Bg4 14. Be3 O-O 15. Nbd2
c4 16. h3 Bc8 17. axb5 axb5 18. Ra3 Bd8 19. Qa1 Bb7 20. Qa2 Bc7 21. Ra1 Nd7 22.
Qb1 Re8 23. Qd1 Qd8 24. R1a2 Nc5 25. Nf1 Bb6 26. Ng3 Ncb3 27. Bxb6 Qxb6 28. Nd2
Nxd2 29. Qxd2 Bc8 30. Nh5 f6 31. Qe3 Qd8 32. Qg3 g6 33. Nxf6+ Qxf6 34. Rxa5
Rxa5 35. Rxa5 Bd7 36. Bd1 Rf8 37. Ra7 Bc8 38. Ra8 Bd7 39. Rxf8+ Qxf8 40. Qe3
Qa8 41. Qb6 Qf8 42. Qc7 Be8 43. Bg4 Kh8 44. Qd8 Kg7 45. g3 h5 46. Bd7 Bxd7 47.
Qxd7+ Kh6 48. Kg2 Qb8 49. h4 Qb6 50. Qe8 Kg7 51. Qe7+ Kg8 52. Qf6 Kh7 53. Qf7+
Kh8 54. Qxg6 1-0

[Event "19. Open de la Constitución 2017"]
[Site "San Sebastian de los Reyes ES"]
[Date "2017.12.07"]
[Round "6.2"]
[White "Suarez Uriel, Adrian"]
[Black "Lianes Garcia, Marcos"]
[Result "1/2-1/2"]
[WhiteElo "2402"]
[BlackElo "2300"]
[PlyCount "185"]
[EventDate "2017.12.02"]
[EventType "swiss"]
[EventRounds "9"]
[EventCountry "ESP"]
[SourceTitle "Ajedrez en Madrid"]
[Source "lmi"]
[SourceDate "2017.12.02"]
[SourceVersion "1"]
[SourceVersionDate "2017.12.16"]
[SourceQuality "1"]

1. Nf3 c5 2. e4 d6 3. d4 cxd4 4. Nxd4 Nf6 5. Nc3 a6 6. h3 e5 7. Nb3 Be6 8. f4
g6 9. Be2 Nbd7 10. Be3 Rc8 11. Qd2 Rxc3 12. Qxc3 Nxe4 13. Qb4 Ng3 14. Rg1 Nxe2
15. Kxe2 b5 16. Rad1 d5 17. Qa5 Qxa5 18. Nxa5 d4 19. Bf2 Bb4 20. Nb3 O-O 21.
Be1 Bc4+ 22. Kf2 Be7 23. fxe5 Bxb3 24. axb3 Bc5 25. Kg3 Nxe5 26. Rf1 Bd6 27.
Kf2 Bc5 28. Ke2 d3+ 29. cxd3 Bd4 30. Bc3 Nc6 31. Kd2 b4 32. Bxd4 Nxd4 33. Rf4
Rd8 34. Ke3 Nc2+ 35. Kf2 Nd4 36. Rc1 Rd7 37. Rc4 Ne6 38. Rc8+ Kg7 39. Rxb4 Rxd3
40. Ke2 Rg3 41. Kf1 Rd3 42. Ke1 Rg3 43. Rc2 g5 44. Kf2 Rd3 45. Rb6 a5 46. Rb5
h6 47. Rxa5 Rxb3 48. Ra3 Rb5 49. b3 Nc5 50. Ke3 Nxb3 51. Ra7 Nc5 52. Rf2 Rb7
53. Rxb7 Nxb7 54. g4 Nc5 55. Ra2 Ne6 56. Ke4 Nf8 57. Ra6 Ng6 58. Rb6 Nh4 59.
Ke5 Ng6+ 60. Ke4 Nh4 61. Rd6 Ng6 62. Ra6 Nh4 63. Ke5 Ng6+ 64. Kd6 Nf4 65. Ra3
Kg6 66. Ke7 Kg7 67. Rf3 Ng6+ 68. Ke8 Nh8 69. Rf5 Kg8 70. h4 gxh4 71. Rh5 Kg7
72. Rxh4 Ng6 73. Rh5 Nh8 74. Rf5 Kg8 75. Ke7 Kg7 76. Kd6 Ng6 77. Rf1 Nh8 78.
Ke5 Ng6+ 79. Ke4 Nh8 80. Kf4 Ng6+ 81. Kg3 Kg8 82. Rh1 Kg7 83. Rh2 Nh8 84. Rh5
Ng6 85. Ra5 Kf6 86. Ra8 Kg7 87. Rb8 Nh8 88. Kf4 Ng6+ 89. Ke4 Nh4 90. Rb1 Ng6
91. Rh1 Ne7 92. Rh5 Ng6 93. g5 1/2-1/2

[Event "19. Open de la Constitución 2017"]
[Site "San Sebastian de los Reyes ES"]
[Date "2017.12.07"]
[Round "6.3"]
[White "Hernando Pertierra, Jose C"]
[Black "Perez Gonzalez, Jose Manuel"]
[Result "1-0"]
[WhiteElo "2355"]
[BlackElo "2226"]
[PlyCount "75"]
[EventDate "2017.12.02"]
[EventType "swiss"]
[EventRounds "9"]
[EventCountry "ESP"]
[SourceTitle "Ajedrez en Madrid"]
[Source "lmi"]
[SourceDate "2017.12.02"]
[SourceVersion "1"]
[SourceVersionDate "2017.12.16"]
[SourceQuality "1"]

1. Nf3 g6 2. d4 Bg7 3. g3 Nf6 4. Bg2 O-O 5. O-O d6 6. b3 c5 7. c4 Nc6 8. Bb2
cxd4 9. Nxd4 Qb6 10. e3 a5 11. Nc3 a4 12. Ndb5 axb3 13. axb3 Bg4 14. Qc2 Rfc8
15. h3 Be6 16. Na4 Qd8 17. Bc3 Nd7 18. Bxg7 Kxg7 19. f4 Nc5 20. Nxc5 dxc5 21.
g4 Rxa1 22. Rxa1 f6 23. Kh2 Nb4 24. Qe4 Bd7 25. Rd1 Qe8 26. Qxb7 Bxb5 27. cxb5
Kf8 28. b6 Rb8 29. Qa7 Nc2 30. b7 Nxe3 31. Ra1 Kg7 32. Bf3 Nc2 33. Rc1 Nd4 34.
Bd5 e6 35. Bg2 Nxb3 36. Rc3 Nd4 37. Rxc5 Qd8 38. Rc8 1-0

[Event "19. Open de la Constitución 2017"]
[Site "San Sebastian de los Reyes ES"]
[Date "2017.12.07"]
[Round "6.4"]
[White "Quevedo Marin, Manuel"]
[Black "Pastor Alonso De Prado, Alberto"]
[Result "0-1"]
[WhiteElo "2241"]
[BlackElo "2166"]
[PlyCount "76"]
[EventDate "2017.12.02"]
[EventType "swiss"]
[EventRounds "9"]
[EventCountry "ESP"]
[SourceTitle "Ajedrez en Madrid"]
[Source "lmi"]
[SourceDate "2017.12.02"]
[SourceVersion "1"]
[SourceVersionDate "2017.12.16"]
[SourceQuality "1"]

1. e4 e5 2. Nf3 Nc6 3. d4 exd4 4. Nxd4 Qh4 5. Nc3 Bb4 6. Ndb5 Ba5 7. Bd2 a6 8.
g3 Qe7 9. b4 Qxb4 10. a4 Nf6 11. Bg2 Ne5 12. O-O axb5 13. axb5 Nc4 14. e5 Nxd2
15. Qxd2 Ng4 16. Qd3 O-O 17. Ra4 Nxe5 18. Rxb4 Nxd3 19. Ra4 Nc5 20. Ra2 Ra7 21.
Rfa1 b6 22. Nd5 Re8 23. c4 Kf8 24. Rd1 c6 25. bxc6 dxc6 26. Ne3 Rd7 27. Rb1 Rd6
28. h4 Ne4 29. c5 Nxc5 30. Nc4 Be6 31. Rxa5 Bxc4 32. Rxb6 Ne4 33. Ra4 Rd1+ 34.
Kh2 Bd5 35. Ra7 Rd2 36. Kg1 h5 37. Rbb7 g6 38. Rd7 Nf6 0-1

[Event "19. Open de la Constitución 2017"]
[Site "San Sebastian de los Reyes ES"]
[Date "2017.12.07"]
[Round "6.5"]
[White "Alvarez Gonzalez, Eduardo"]
[Black "Cardenas Serrano, Sergio"]
[Result "0-1"]
[WhiteElo "1789"]
[BlackElo "2123"]
[PlyCount "52"]
[EventDate "2017.12.02"]
[EventType "swiss"]
[EventRounds "9"]
[EventCountry "ESP"]
[SourceTitle "Ajedrez en Madrid"]
[Source "lmi"]
[SourceDate "2017.12.02"]
[SourceVersion "1"]
[SourceVersionDate "2017.12.16"]
[SourceQuality "1"]

1. d4 Nf6 2. Nf3 g6 3. c4 Bg7 4. Nc3 O-O 5. e4 d6 6. Be2 Na6 7. O-O e5 8. Rb1
Bg4 9. Be3 exd4 10. Nxd4 Bxe2 11. Qxe2 Nc5 12. f3 Re8 13. Rfd1 Qe7 14. Qd2 c6
15. Re1 Rad8 16. Rbd1 Qc7 17. Qc2 a6 18. Bf2 Nh5 19. b4 Nd7 20. Nb3 Ne5 21. c5
dxc5 22. Bxc5 Nf4 23. Bd4 Qe7 24. a3 Qg5 25. Rf1 Nc4 26. Qf2 Nh3+ 0-1

[Event "19. Open de la Constitución 2017"]
[Site "San Sebastian de los Reyes ES"]
[Date "2017.12.07"]
[Round "6.6"]
[White "Largo Barbero, Benito"]
[Black "De Vicente Guijarro, Juan"]
[Result "1-0"]
[WhiteElo "1925"]
[BlackElo "1879"]
[PlyCount "113"]
[EventDate "2017.12.02"]
[EventType "swiss"]
[EventRounds "9"]
[EventCountry "ESP"]
[SourceTitle "Ajedrez en Madrid"]
[Source "lmi"]
[SourceDate "2017.12.02"]
[SourceVersion "1"]
[SourceVersionDate "2017.12.16"]
[SourceQuality "1"]

1. d4 d5 2. Nf3 Nf6 3. Bf4 g6 4. e3 Bg7 5. Nc3 O-O 6. Be2 c5 7. h4 cxd4 8. exd4
Qb6 9. Rb1 Bg4 10. Be5 Nbd7 11. Qd2 Nxe5 12. Nxe5 Bxe2 13. Qxe2 Qxd4 14. Rd1
Qb4 15. Kf1 e6 16. Rh3 Rac8 17. Nd3 Qa5 18. g4 d4 19. Ne4 Nxe4 20. Qxe4 Rxc2
21. h5 Qc7 22. hxg6 fxg6 23. Qxe6+ Qf7 24. Qxf7+ Rxf7 25. Re1 Rc8 26. Kg2 g5
27. Rf3 Rxf3 28. Kxf3 Rc7 29. Kg3 h6 30. Re6 Kf7 31. f3 Re7 32. Rxe7+ Kxe7 33.
f4 gxf4+ 34. Kxf4 Bf6 35. Ke4 Kd6 36. a4 b6 37. b3 a5 38. Nf4 Bg5 39. Nd3 Be3
40. Nb2 b5 41. axb5 Kc5 42. Nd3+ Kxb5 43. Kd5 Bg1 44. Ke4 a4 45. bxa4+ Kxa4 46.
Ne5 Kb5 47. Nf3 Be3 48. Nxd4+ Bxd4 49. Kxd4 Kb4 50. Ke5 Kc5 51. Kf6 Kd6 52. Kg7
Ke7 53. Kg6 Ke6 54. Kxh6 Kf7 55. g5 Kg8 56. Kg6 Kh8 57. Kf7 1-0

[Event "19. Open de la Constitución 2017"]
[Site "San Sebastian de los Reyes ES"]
[Date "2017.12.07"]
[Round "6.7"]
[White "Lozano Suarez, Luis Miguel"]
[Black "Vazquez Gonzalez, Jesus"]
[Result "1-0"]
[WhiteElo "2163"]
[BlackElo "1943"]
[PlyCount "79"]
[EventDate "2017.12.02"]
[EventType "swiss"]
[EventRounds "9"]
[EventCountry "ESP"]
[SourceTitle "Ajedrez en Madrid"]
[Source "lmi"]
[SourceDate "2017.12.02"]
[SourceVersion "1"]
[SourceVersionDate "2017.12.16"]
[SourceQuality "1"]

1. c4 e5 2. g3 d5 3. cxd5 Nf6 4. Bg2 Nxd5 5. Nf3 Nc6 6. O-O Be7 7. d4 exd4 8.
Nxd4 Nxd4 9. Qxd4 Nf6 10. Qa4+ c6 11. Nc3 O-O 12. h3 Be6 13. e4 Qc8 14. Kh2 Rd8
15. Be3 b5 16. Qc2 Qb7 17. b3 a5 18. f4 a4 19. f5 axb3 20. axb3 Bd7 21. Rxa8
Rxa8 22. e5 Nd5 23. Nxd5 cxd5 24. Qd2 Bc6 25. f6 Bf8 26. fxg7 Bxg7 27. Bh6 Bxh6
28. Qxh6 Ra2 29. Rf5 Rxg2+ 30. Kxg2 d4+ 31. Kg1 Be4 32. Qg5+ Kf8 33. Qd8+ Kg7
34. Rg5+ Bg6 35. Qxd4 Qc7 36. e6+ Kg8 37. exf7+ Kxf7 38. Qf4+ Qxf4 39. gxf4 Bd3
40. b4 1-0

[Event "19. Open de la Constitución 2017"]
[Site "San Sebastian de los Reyes ES"]
[Date "2017.12.07"]
[Round "6.8"]
[White "Cabañas Bravo, Juan Andres"]
[Black "Torres Boch, Jose F"]
[Result "0-1"]
[WhiteElo "1910"]
[BlackElo "2143"]
[PlyCount "126"]
[EventDate "2017.12.02"]
[EventType "swiss"]
[EventRounds "9"]
[EventCountry "ESP"]
[SourceTitle "Ajedrez en Madrid"]
[Source "lmi"]
[SourceDate "2017.12.02"]
[SourceVersion "1"]
[SourceVersionDate "2017.12.16"]
[SourceQuality "1"]

1. e4 c5 2. Nf3 d6 3. d4 cxd4 4. Nxd4 Nf6 5. Nc3 a6 6. Bg5 e6 7. f4 Qc7 8. Qf3
b5 9. Bxf6 gxf6 10. O-O-O b4 11. Nce2 Bb7 12. Qh5 Bxe4 13. Ng3 Bd5 14. f5 Kd8
15. fxe6 fxe6 16. Qxd5 exd5 17. Ne6+ Kd7 18. Nxc7 Kxc7 19. Rxd5 Nc6 20. Bd3
Bh6+ 21. Kb1 Bf4 22. Rh5 Be5 23. Nf5 Kb6 24. Ne3 Ne7 25. Rf1 Rag8 26. h3 h6 27.
Nc4+ Kc7 28. Nxe5 fxe5 29. b3 Rxg2 30. Rf7 Kd7 31. Bxa6 Ke6 32. Rf1 d5 33. Re1
Rg5 34. Rxg5 hxg5 35. Rg1 Kf5 36. Bf1 Ng6 37. Kb2 Nf4 38. Rg3 Ra8 39. c3 bxc3+
40. Rxc3 e4 41. a4 Re8 42. Kc1 e3 43. Kd1 e2+ 44. Bxe2 Rxe2 45. a5 Ra2 46. b4
Ke4 47. Rg3 Kf5 48. Rc3 Rb2 49. a6 Rxb4 50. Ra3 Rb8 51. a7 Ra8 52. Ke1 Nxh3 53.
Rxh3 Rxa7 54. Rh8 Re7+ 55. Kd2 Kf4 56. Kd3 g4 57. Kd4 Kf3 58. Kxd5 g3 59. Kd4
g2 60. Rf8+ Ke2 61. Rg8 Kf1 62. Rf8+ Kg1 63. Rg8 Rf7 0-1

[Event "19. Open de la Constitución 2017"]
[Site "San Sebastian de los Reyes ES"]
[Date "2017.12.07"]
[Round "6.9"]
[White "Rodrigo Yanguas, Maria"]
[Black "Vazquez Gonzalez, Francisco"]
[Result "1-0"]
[WhiteElo "2071"]
[BlackElo "1931"]
[PlyCount "45"]
[EventDate "2017.12.02"]
[EventType "swiss"]
[EventRounds "9"]
[EventCountry "ESP"]
[SourceTitle "Ajedrez en Madrid"]
[Source "lmi"]
[SourceDate "2017.12.02"]
[SourceVersion "1"]
[SourceVersionDate "2017.12.16"]
[SourceQuality "1"]

1. e4 e5 2. Nf3 Nc6 3. Bb5 f5 4. d3 fxe4 5. dxe4 Nf6 6. O-O Bc5 7. Bc4 d6 8.
Nc3 Bg4 9. h3 Bh5 10. Bg5 Qd7 11. Bxf6 gxf6 12. Nxe5 Bxd1 13. Nxd7 Kxd7 14.
Raxd1 Ne5 15. Bb3 a6 16. Nd5 Rhf8 17. Kh1 Rae8 18. f4 Ng6 19. e5 fxe5 20. fxe5
Rxe5 21. Rxf8 Nxf8 22. Rf1 c6 23. Rf7+ 1-0